Welcome to CU Library Online Public Access Catalogue (OPAC)

The management and control of quality / (Record no. 4519)

MARC details
000 -LEADER
fixed length control field 01061cam a22002654a 4500
001 - CONTROL NUMBER
control field 13349201
005 - DATE AND TIME OF LATEST TRANSACTION
control field 20250305183316.0
008 - FIXED-LENGTH DATA ELEMENTS--GENERAL INFORMATION
fixed length control field 030923s2005 ohua b 001 0 eng
020 ## - INTERNATIONAL STANDARD BOOK NUMBER
International Standard Book Number 0324202237 / 9780324225037
050 00 - LIBRARY OF CONGRESS CALL NUMBER
Classification number TS156
Item number .E93 2005
082 00 - DEWEY DECIMAL CLASSIFICATION NUMBER
Classification number 658.5/62
Edition information 22
100 1# - MAIN ENTRY--PERSONAL NAME
Personal name Evans, James R.
Fuller form of name (James Robert),
Dates associated with a name 1950-
245 14 - TITLE STATEMENT
Title The management and control of quality /
Statement of responsibility, etc. James R. Evans, William M. Lindsay.
250 ## - EDITION STATEMENT
Edition statement 6th ed.
260 ## - PUBLICATION, DISTRIBUTION, ETC.
Place of publication, distribution, etc. Mason, OH :
Name of publisher, distributor, etc. Thomson/South-Western,
Date of publication, distribution, etc. c2005.
300 ## - PHYSICAL DESCRIPTION
Extent 1 v. (various pagings) :
Other physical details ill. ;
Dimensions 26 cm.) +
650 #0 - SUBJECT ADDED ENTRY--TOPICAL TERM
Topical term or geographic name entry element Quality control.
650 #0 - SUBJECT ADDED ENTRY--TOPICAL TERM
Topical term or geographic name entry element Total quality management.
650 #0 - SUBJECT ADDED ENTRY--TOPICAL TERM
Topical term or geographic name entry element Quality assurance.
700 1# - ADDED ENTRY--PERSONAL NAME
Personal name Lindsay, William M.
856 42 - ELECTRONIC LOCATION AND ACCESS
Materials specified Contributor biographical information
Uniform Resource Identifier <a href="http://www.loc.gov/catdir/enhancements/fy1103/2003113145-b.html">http://www.loc.gov/catdir/enhancements/fy1103/2003113145-b.html</a>
856 42 - ELECTRONIC LOCATION AND ACCESS
Materials specified Publisher description
Uniform Resource Identifier <a href="http://www.loc.gov/catdir/enhancements/fy1103/2003113145-d.html">http://www.loc.gov/catdir/enhancements/fy1103/2003113145-d.html</a>
856 41 - ELECTRONIC LOCATION AND ACCESS
Materials specified Table of contents only
Uniform Resource Identifier <a href="http://www.loc.gov/catdir/enhancements/fy1103/2003113145-t.html">http://www.loc.gov/catdir/enhancements/fy1103/2003113145-t.html</a>
942 ## - ADDED ENTRY ELEMENTS (KOHA)
Source of classification or shelving scheme Library of Congress Classification
Koha item type Books
Edition 6th Ed.
Suppress in OPAC No
999 ## -
-- 4519
-- 4519
Holdings
Withdrawn status Lost status Source of classification or shelving scheme Damaged status Not for loan Collection Home library Current library Shelving location Date acquired Total checkouts Full call number Barcode Date last seen Copy number Price effective from Koha item type
    Library of Congress Classification     Non-fiction Business Library (Miotso) Business Library (Miotso) Reference 03/05/2025   TS156.E93 EVA bssm00001142 03/05/2025 1 03/05/2025 Books
    Library of Congress Classification     Non-fiction Business Library (Miotso) Business Library (Miotso) Reference 03/05/2025   TS156.E93 EVA bssm00001143 03/05/2025 2 03/05/2025 Books
© 2023-2024 Copyright: Central University Libraries. All Rights Reserved | Created by: Mahone Tech Office